|
|
|
|
| LEADER |
01244ncm a22003132a 4500 |
| 001 |
000311340 |
| 003 |
CZ BrMZK |
| 005 |
20150128124904.0 |
| 007 |
qu |
| 008 |
980105s1942 xr f cze d |
| 040 |
|
|
|a BOA001
|b cze
|
| 072 |
|
7 |
|a 785
|x Instrumentální hudba. Symfonická hudba. Hudba pro více nástrojů
|2 Konspekt
|9 9
|
| 100 |
1 |
|
|a Beneš, Jára,
|d 1897-1949
|7 jn19990209042
|4 cmp
|
| 245 |
1 |
0 |
|a K vůli tvým očím
|h [hudebnina] :
|b fox z hudební veselohry Slon mezi porcelánem /
|c hudba: Jara Beneš ; arrang.: Rudolf Vašíček ; slova: Tobis-Mírovský-Špilar
|
| 260 |
|
|
|a Praha :
|b Fr. Kovářík,
|c 1942
|
| 300 |
|
|
|a 11 hlasů
|
| 490 |
1 |
|
|a F. K. ;
|v č. 2211
|
| 490 |
1 |
|
|a Jazzový orchestr
|
| 500 |
|
|
|a Řídící hlas houslí a klavíru podložen textem
|
| 700 |
1 |
|
|a Vašíček, Rudolf,
|d 1912-
|7 mzk2010593979
|4 arr
|
| 700 |
1 |
|
|a Mírovský, Václav,
|d 1902-1953
|7 jk01081787
|4 lyr
|
| 700 |
1 |
|
|a Tobis,
|d 1903-1949
|7 jk01092124
|4 lyr
|
| 700 |
1 |
|
|a Špillar, Karel,
|d 1871-1939
|7 jn19990209881
|4 lyr
|
| 830 |
|
0 |
|a Jazzový orchestr
|
| 830 |
|
0 |
|a F. K.
|
| 910 |
|
|
|a BOA001
|b Mus4-0161.313
|
| 990 |
|
|
|a MU
|
| 991 |
|
|
|b 201405
|
| 996 |
6 |
|
|b 2619857995
|c Mus4-0161.313
|l MZK
|r Sklad / do 1 hodiny
|n 0
|w 000311340
|u 000010
|a 1
|e BOA001
|j MZK50
|s P
|